000 nam a22 7a 4500
999 _c29106
_d29106
008 171107b xxu||||| |||| 00| 0 eng d
020 _a9966222707
050 _aPE 1128 .A293 2012
100 _aAgnes , Gathumbi.
_d2012.
245 _aPrinciples and Teaching Techniques in Language Teaching/
_bAtext for Teacher Educators,Teachers, and Pre-service Teachers.
_cGathumbi, Agnes
250 _a1st ed.
260 _aKenya:
_bThe Jomo Kenyatta Foundation,
_c2012
300 _a218p. : ill.
_bincludes bibliographical references and index.
_c24cm
650 _aGrammer
942 _2lcc
_cBOOKS
_hPE 1128 .A293 2012
_01